000 00325nam a2200145Ia 4500
008 191201s2010 xx 000 0 und d
082 _a657
_bMIM
100 _aMITTAL,SN
245 0 _aManagement Accounting
250 _a1st
260 _aN. Delhi
_bShree Mahavir
_c2010
300 _a397
650 _aBBA
942 _2ddc
_cBK
999 _c5679
_d5679